Statistieken voor Noem de vlag op Minecraft #1

Klik hier om de quiz te nemen!

Algemene statistieken

  • Deze quiz is 42 keer genomen
  • De gemiddelde score is 19 van 24

Antwoordstatistieken

Antwoord% Correct
Verenigde Staten van Amerika/Liberia/Maleisië
97%
Verenigd Koninkrijk
97%
Frankrijk
92%
Rusland
92%
Estland
89%
Noord-Macedonië
86%
Jamaica
83%
Japan
83%
Oekraine
83%
Polen/Indonesië/Monaco
83%
Zwitserland
83%
Finland
81%
Ierland
81%
Italië
81%
Zweden
81%
Argentinië
78%
Denemarken
78%
Bangladesh
75%
Chili
69%
Nigeria
69%
Jemen
58%
Palau
56%
De Bahamas
50%
Sierra Leone
47%

Scoreverdeling

Percentiel versus Aantal Correcte Antwoorden

Procent van Mensen met Elke Score

Uw Scoregeschiedenis

U heeft deze quiz nog niet genomen